<?xml version="1.0" encoding="UTF-8"?><?xml-stylesheet type="text/xsl" href="static/style.xsl"?><OAI-PMH xmlns="http://www.openarchives.org/OAI/2.0/" xmlns:xsi="http://www.w3.org/2001/XMLSchema-instance" xsi:schemaLocation="http://www.openarchives.org/OAI/2.0/ http://www.openarchives.org/OAI/2.0/OAI-PMH.xsd"><responseDate>2026-04-27T22:05:44Z</responseDate><request verb="GetRecord" identifier="oai:uvadoc.uva.es:10324/41993" metadataPrefix="marc">https://uvadoc.uva.es/oai/request</request><GetRecord><record><header><identifier>oai:uvadoc.uva.es:10324/41993</identifier><datestamp>2021-06-30T03:20:03Z</datestamp><setSpec>com_10324_38</setSpec><setSpec>col_10324_852</setSpec></header><metadata><record xmlns="http://www.loc.gov/MARC21/slim" xmlns:doc="http://www.lyncode.com/xoai" xmlns:xsi="http://www.w3.org/2001/XMLSchema-instance" xmlns:dcterms="http://purl.org/dc/terms/" xsi:schemaLocation="http://www.loc.gov/MARC21/slim http://www.loc.gov/standards/marcxml/schema/MARC21slim.xsd">
<leader>00925njm 22002777a 4500</leader>
<datafield tag="042" ind1=" " ind2=" ">
<subfield code="a">dc</subfield>
</datafield>
<datafield tag="720" ind1=" " ind2=" ">
<subfield code="a">Muñiz Álvarez, Roberto</subfield>
<subfield code="e">author</subfield>
</datafield>
<datafield tag="260" ind1=" " ind2=" ">
<subfield code="c">2019</subfield>
</datafield>
<datafield tag="520" ind1=" " ind2=" ">
<subfield code="a">En los últimos años, la banca ha sufrido un gran cambio en su modelo de&#xd;
negocio. Internet se ha convertido en el principal modo de interactuar con las&#xd;
entidades financieras. Evo Banco representa el ejemplo perfecto de esta&#xd;
transición, ha pasado de ser un banco convencional a ser un banco 100% online&#xd;
en muy pocos años. De este modo, Evo Banco se ha convertido en una&#xd;
compañía cuyos resultados mejoran año a año. Por todo ello, Evo Banco&#xd;
representa el modo de hacer las cosas para el sector financiero en el presente y&#xd;
en el futuro cercano</subfield>
</datafield>
<datafield tag="520" ind1=" " ind2=" ">
<subfield code="a">In recent years, banking has undergone a great change in its business model.&#xd;
The Internet has become the main way to interact with financial companys. Evo&#xd;
Banco represents the perfect example of this transition, it has gone from being a&#xd;
conventional bank to being a 100% online bank in a few years. In this way, Evo&#xd;
Banco has become a company whose results improve year by year. For all these&#xd;
reasons, Evo Banco represents the way of doing things for the financial sector in&#xd;
the present and in the near future</subfield>
</datafield>
<datafield tag="024" ind2=" " ind1="8">
<subfield code="a">http://uvadoc.uva.es/handle/10324/41993</subfield>
</datafield>
<datafield ind1=" " ind2=" " tag="653">
<subfield code="a">Bancos - Marketing</subfield>
</datafield>
<datafield tag="245" ind1="0" ind2="0">
<subfield code="a">Plan de marketing: Evo Banco</subfield>
</datafield>
</record></metadata></record></GetRecord></OAI-PMH>